000 00835nam a22002417a 4500
999 _c10304
_d10304
003 AR-CdUCM
008 190329b ||||| |||| 00| 0 spa d
040 _aMUNICIPALIDAD PROVINCIAL DEL CUSCO
_cBIBLIOTECA MUNICIPAL DEL CUSCO
041 _heng
082 _a621 /
_bSH47
100 _aShepherd, Walter
_927092
245 _aLa Electricidad :
_bIlustrado por Bernard Blatch y Laszlo ACS
260 _aValencia :
_bEdiciones Anaya,
_c1970.
300 _a48 paginas ;
_c22 cm.
440 _aLa ciencia al descubierto
_n5
_927093
505 _aContenido: electricidad -- la produccion de la electricidad -- conductores o aislantes -- baterias -- resistencia...
650 _aElectricidad
_915840
650 _aBateria
_927094
650 _aConductores
_922046
650 _aAislantes
_927095
942 _2ddc
_cLIBROS
945 _apjha